La luz al final del mundo (Registro nro. 10782)
[ vista simple ]
| 000 -Cabecera | |
|---|---|
| Campo de control de longitud fija | 00559nam a22002177a 4500 |
| 005 - Fecha y hora de la última transacción | |
| Campo de control | 20231031145651.0 |
| 008 - Elementos de longitud fija--Información general | |
| Campo de control de longitud fija | 180625b xxu||||| |||| 00| 0 spa d |
| 020 ## - International Standard Book Number | |
| Número Internacional Estándar del Libro (ISBN) | 9789930539590 |
| 041 ## - Idioma | |
| Código de idioma | Español |
| 082 ## - Clasificación Decimal Dewey | |
| Número de clasificación | CR 863.44 S254l |
| 100 ## - Entrada principal--Autor personal | |
| Nombre personal | Saturnine, Rod (seud.) |
| 9 (RLIN) | 47744 |
| 245 ## - Título propiamente dicho | |
| Título | La luz al final del mundo |
| 260 ## - Pie de imprenta | |
| Lugar de publicación, distribución, etc. | Costa Rica |
| 260 ## - Pie de imprenta | |
| Nombre del editor, distribuidor, etc. | Edinexo |
| 260 ## - Pie de imprenta | |
| Fecha de publicación, distribución, etc. | 2017 |
| 300 ## - Descripción física | |
| Extensión | 430 páginas |
| 440 ## - Declaración de serie/asiento adicional--título | |
| Título de la serie | La hija de la muerte |
| 650 ## - Materia general | |
| Temática (materia general) | NOVELA COSTARRICENSE |
| 650 ## - Materia general | |
| Temática (materia general) | LITERATURA COSTARRICENSE |
| 942 ## - Punto de acceso adicional KOHA | |
| Tipo de ítem KOHA | Literatura |
| Fuente del sistema de clasificación o colocación | Dewey Decimal Classification |
| Signatura completa | Código de barras | Tipo de ítem |
|---|---|---|
| CR 863.44 S254l | 23265 | Literatura |